000 01173nam a2200325 i 4500
003 EG-GICUC
005 20260427115347.0
008 260427s1950 fr adaafr|||| 000 0 fre d
040 _aEG-GiCUC
_bfre
_cEG-GiCUC
_dEG-GiCUC
_eRda
041 0 _afre
082 0 4 _221
_a343.01.44
_bFR . N
092 0 4 _221
099 _aLAW1 10 343.01.44 FR . N 1 ed - 1950
245 1 0 _a Nouveau répertoire de droit /
_c publié sous la direction de MM. Emmanuel Vergé, Georges Ripert ; secrétaire de la rédaction Suzanne Dalligny,
_nTOME QUATRIÈME.
264 _a Paris :
_bJurisprudence Générale Dalloz,
_c1950.
300 _a849 page :
_c 24 cm.
336 _2rda contenu
_a texte
337 _2rda medias
_aOrdinateur
338 _2 transporteur rda
_a Ressource en ligne
546 _aTexte en français
650 1 4 _aDroit pénal.
_2qrmak
651 1 _2qrmak
700 1 _a Vergé, Emmanuel,
_eÉditeur
700 1 _a Ripert, Georges,
_eÉditeur
700 1 _aDalligny, Suzanne,
_ePréfacier
710 _a Jurisprudence générale Dalloz,
_eAnnotateur
856 4 0 _uhttps://fll.law.cu.edu.eg/fulltext/bks/B10-11774.pdf
905 _a171
942 _2ddc
_cBK
_e21
_n0
999 _c73663
_d73663